[Event "Rivera Hernandez Memorial-B"]
[Site "Rivera Huila"]
[Date "2023.07.22"]
[Round "5"]
[White "Cardozo Leon, Camilo Andres"]
[Black "Castro Lombana, Juan Pablo"]
[Result "0-1"]
[WhiteElo "1600"]
[BlackElo "1489"]
[PlyCount "114"]
[EventDate "2023.07.20"]
[EventType "swiss"]
[EventRounds "7"]
[EventCountry "COL"]
[SourceTitle "CBM 215 Extra"]
[Source "ChessBase"]
[SourceDate "2023.09.30"]
[SourceVersion "1"]
[SourceVersionDate "2023.09.30"]
[SourceQuality "1"]

1. d4 d6 2. Bf4 Nd7 3. Nf3 Ngf6 4. e3 Nh5 5. Bg5 Nhf6 6. Bf4 e6 7. h3 Be7 8. Bd3 b6 9. Nbd2 Bb7 10. 0-0 0-0 11. c4 Re8 12. Re1 Bf8 13. Bg5 c5 14. Qc2 h6 15. Bh4 Qc7 16. Bg3 Qd8 17. Rad1 Qe7 18. Qc3 e5 19. dxe5 Nxe5 20. Be2 g6 21. Nh2 Bg7 22. f4 Ne4 23. Qc2 Nxg3 24. fxe5 Qxe5 25. Bf3 Bxf3 26. Nhxf3 Qxb2 27. Rc1 Qxc2 28. Rxc2 Rad8 29. Kh2 Ne4 30. a4 Nxd2 31. Nxd2 d5 32. cxd5 Rxd5 33. Nc4 Re4 34. a5 b5 35. Nd2 Ra4 36. e4 Be5+ 37. Kg1 Rd3 38. Nf3 Bg3 39. Rb1 Rb3 40. Rd1 c4 41. Kf1 Rxa5 42. Rd5 Re3 43. Rd1 c3 44. Nd4 b4 45. Ne2 Be5 46. Kf2 Rxe4 47. Nc1 Rd4 48. Re1 Rd2+ 49. Re2 Bf4 50. Nb3 Rxc2 51. Rxc2 Ra3 52. Nc5 Bd2 53. Ke2 b3 54. Rxd2 cxd2 55. Nd3 Ra2 56. Kd1 b2 57. Kc2 d1Q+ 0-1

[Event "Rivera Hernandez Memorial-B"]
[Site "Rivera Huila"]
[Date "2023.07.22"]
[Round "4"]
[White "Labrador Avendano, Angie Jhoana"]
[Black "Cardozo Leon, Camilo Andres"]
[Result "1/2-1/2"]
[WhiteElo "1612"]
[BlackElo "1600"]
[PlyCount "66"]
[EventDate "2023.07.20"]
[EventType "swiss"]
[EventRounds "7"]
[EventCountry "COL"]
[SourceTitle "CBM 215 Extra"]
[Source "ChessBase"]
[SourceDate "2023.09.30"]
[SourceVersion "1"]
[SourceVersionDate "2023.09.30"]
[SourceQuality "1"]

1. e4 e5 2. Nf3 Nf6 3. Nxe5 d6 4. Nf3 Nxe4 5. d4 d5 6. Bd3 Bd6 7. 0-0 0-0 8. h3 Bf5 9. c3 Re8 10. Qb3 b6 11. Kh1 c6 12. c4 Bc7 13. Nbd2 Qd6 14. cxd5 cxd5 15. Bb5 Re7 16. a4 Nd7 17. Qa3 Qxa3 18. Rxa3 a6 19. Bc6 Rd8 20. Bxd5 Ndf6 21. Bb7 Bd6 22. Bxe4 Nxe4 23. Rb3 Rb7 24. Nc4 b5 25. Nxd6 Rxd6 26. Bf4 Rd8 27. g4 Be6 28. Re3 Bd5 29. a5 b4 30. Kh2 h6 31. Ne5 g5 32. Bg3 f6 33. Nd3 Bc4 1/2-1/2

[Event "Rivera Hernandez Memorial-B"]
[Site "Rivera Huila"]
[Date "2023.07.21"]
[Round "3"]
[White "Cardozo Leon, Camilo Andres"]
[Black "Jimenez Mendez, William"]
[Result "1-0"]
[WhiteElo "1600"]
[BlackElo "1404"]
[PlyCount "84"]
[EventDate "2023.07.20"]
[EventType "swiss"]
[EventRounds "7"]
[EventCountry "COL"]
[SourceTitle "CBM 215 Extra"]
[Source "ChessBase"]
[SourceDate "2023.09.30"]
[SourceVersion "1"]
[SourceVersionDate "2023.09.30"]
[SourceQuality "1"]

1. d4 Nf6 2. Nf3 g6 3. Bf4 d5 4. e3 Bg7 5. Nbd2 0-0 6. c4 dxc4 7. Bxc4 c5 8. 0-0 Bg4 9. h3 Bxf3 10. Nxf3 cxd4 11. Nxd4 Nbd7 12. Nf3 Qb6 13. Qe2 Rac8 14. Rab1 Qc5 15. Rfc1 e6 16. e4 Qe7 17. e5 Nh5 18. Bg5 Qe8 19. Qe3 Nb6 20. Bb3 Nd5 21. Bxd5 Rxc1+ 22. Rxc1 exd5 23. g4 f6 24. e6 fxg5 25. gxh5 gxh5 26. Re1 g4 27. hxg4 hxg4 28. Ng5 Bh6 29. Qe5 Qe7 30. Nf7 Rxf7 31. exf7+ Qxf7 32. Qe8+ Qxe8 33. Rxe8+ Kf7 34. Rh8 Ke6 35. Rxh7 Bf4 36. Rxb7 Ke5 37. Kf1 g3 38. fxg3 Bxg3 39. Rxa7 Ke4 40. Ke2 d4 41. Re7+ Kd5 42. Kd3 Bd6 1-0

[Event "Rivera Hernandez Memorial-B"]
[Site "Rivera Huila"]
[Date "2023.07.21"]
[Round "2"]
[White "Munoz, Mauricio"]
[Black "Cardozo Leon, Camilo Andres"]
[Result "1-0"]
[WhiteElo "1689"]
[BlackElo "1600"]
[PlyCount "43"]
[EventDate "2023.07.20"]
[EventType "swiss"]
[EventRounds "7"]
[EventCountry "COL"]
[SourceTitle "CBM 215 Extra"]
[Source "ChessBase"]
[SourceDate "2023.09.30"]
[SourceVersion "1"]
[SourceVersionDate "2023.09.30"]
[SourceQuality "1"]

1. e4 c5 2. Nf3 Nc6 3. d4 cxd4 4. Nxd4 g6 5. Be3 Bg7 6. Nc3 a6 7. Qd2 e6 8. 0-0-0 Qc7 9. f4 b5 10. e5 Nge7 11. Nxc6 Qxc6 12. Bd3 Rb8 13. Ne4 0-0 14. Nd6 Nf5 15. Bxf5 exf5 16. g3 b4 17. Qd3 a5 18. Kb1 a4 19. Qd5 Qxd5 20. Rxd5 Bb7 21. Nxb7 Rxb7 22. Rhd1 1-0